00254nam a2200109Ia 4500008004100000020001500041100002000056245002700076260002400103300000900127650000800136191201s2001 xx 000 0 und d a0074638807 aSCHILDT,Herbert 0aComplete reference C++ aN. delhibTMHc2001 a1008 aMCA